| 000 | 00814nam a22002297a 4500 | ||
|---|---|---|---|
| 999 |
_c8146 _d8146 |
||
| 003 | AR-CdUCM | ||
| 008 | 190322b ||||| |||| 00| 0 spa d | ||
| 040 |
_aMUNICIPALIDAD PROVINCIAL DEL CUSCO _cBIBLIOTECA MUNICIPAL DEL CUSCO |
||
| 082 |
_22ed. _a373.32 / _bL83 |
||
| 100 |
_aLoedel, Enrique _922991 |
||
| 245 | _aEnseñanza de la Física / | ||
| 260 |
_aBuenos Aires : _bKapelusz, _c1957. |
||
| 300 |
_aXXXI, 518 paginas ; _bilustraciones, diagramas, dibujos, _c20 cm. |
||
| 440 |
_aBiblioteca de ciencias de la Educación _nIV _922992 |
||
| 505 | _aContenido: metodo -- enseñanza -- trama conceptual -- teoria fisica -- el alumno... | ||
| 650 |
_aFísica _92382 |
||
| 650 |
_aEnseñanza _91616 |
||
| 650 |
_aTemperatura _93339 |
||
| 650 |
_aRecursos Didacticos _922993 |
||
| 942 |
_2ddc _cLIBROS |
||
| 945 | _apjha | ||